[Event "arco2023"]
[Site "?"]
[Date "2023.10.08"]
[Round "2.19"]
[White "PFRENGLE, Tim"]
[Black "FASIELLO, Andrea Jonathan"]
[Result "1/2-1/2"]
[BlackElo "1907"]
[WhiteElo "2112"]
[LiveChessVersion "1.4.8"]

1. e4 {[%clk 1:30:58]} e5 {[%clk 1:30:44]} 2. Nf3 {[%clk 1:31:24]} Nc6
{[%clk 1:31:02]} 3. Bc4 {[%clk 1:31:18]} Bc5 {[%clk 1:31:13]} 4. c3
{[%clk 1:31:42]} Nf6 {[%clk 1:31:11]} 5. d3 {[%clk 1:32:05]} O-O {[%clk 1:31:05]}
6. a4 {[%clk 1:31:48]} a5 {[%clk 1:23:31]} 7. O-O {[%clk 1:29:41]} d5
{[%clk 1:22:56]} 8. exd5 {[%clk 1:29:59]} Nxd5 {[%clk 1:23:21]} 9. Nbd2
{[%clk 1:24:36]} Nb6 {[%clk 1:18:58]} 10. Bb5 {[%clk 1:23:20]} Bd6
{[%clk 1:18:31]} 11. Ne4 {[%clk 1:10:37]} Na7 {[%clk 1:08:45]} 12. Bc4
{[%clk 0:42:07]} Nxc4 {[%clk 0:49:47]} 13. dxc4 {[%clk 0:42:32]} Nc6
{[%clk 0:48:24]} 14. Nxd6 {[%clk 0:41:42]} Qxd6 {[%clk 0:46:11]} 15. Qxd6
{[%clk 0:39:49]} cxd6 {[%clk 0:46:35]} 16. b3 {[%clk 0:35:29]} Rd8
{[%clk 0:42:37]} 17. Be3 {[%clk 0:25:01]} Bf5 {[%clk 0:35:12]} 18. Bb6
{[%clk 0:19:31]} Rd7 {[%clk 0:34:42]} 19. Ra2 {[%clk 0:12:28]} d5
{[%clk 0:30:57]} 20. cxd5 {[%clk 0:10:17]} Rxd5 {[%clk 0:31:18]} 21. Rd2
{[%clk 0:10:26]} Be6 {[%clk 0:17:00]} 22. Rfd1 {[%clk 0:09:27]} Rxd2
{[%clk 0:17:12]} 23. Nxd2 {[%clk 0:09:53]} Kf8 {[%clk 0:13:11]} 24. c4
{[%clk 0:10:04]} Bf5 {[%clk 0:12:19]} 25. Re1 {[%clk 0:09:00]} f6
{[%clk 0:11:52]} 26. Ne4 {[%clk 0:07:15]} Bxe4 {[%clk 0:09:30]} 27. Rxe4
{[%clk 0:07:40]} Kf7 {[%clk 0:08:28]} 28. Re3 {[%clk 0:07:19]} Nb4 29. Kf1
{[%clk 0:03:54]} Nc6 {[%clk 0:01:24]} 30. Rd3 {[%clk 0:04:08]} Ke6
{[%clk 0:01:33]} 31. Rd5 {[%clk 0:03:16]} Ra6 {[%clk 0:01:04]} 32. Be3
{[%clk 0:01:51]} Ra8 {[%clk 0:00:43]} 33. Rb5 {[%clk 0:01:48]} Rb8
{[%clk 0:00:57]} 34. Bb6 {[%clk 0:01:29]} Ra8 {[%clk 0:00:57]} 35. Bc5
{[%clk 0:01:26]} Rb8 {[%clk 0:01:14]} 36. f3 {[%clk 0:01:13]} Kd7
{[%clk 0:01:28]} 37. Bb6 {[%clk 0:01:19]} Ra8 {[%clk 0:01:26]} 38. Rd5+
{[%clk 0:01:24]} Ke6 {[%clk 0:00:52]} 39. Ke2 {[%clk 0:00:47]} Ra6
{[%clk 0:00:46]} 40. Be3 {[%clk 0:00:40]} Ra8 {[%clk 0:00:39]} 41. Bb6
{[%clk 0:00:41]} Ra6 {[%clk 0:27:13]} 42. Rb5 {[%clk 0:24:23]} Na7
{[%clk 0:14:05]} 43. Bxa7 {[%clk 0:24:04]} Rxa7 {[%clk 0:14:27]} 44. Kd3
{[%clk 0:17:25]} Kd6 {[%clk 0:13:56]} 45. Ke4 {[%clk 0:15:49]} Kc6
{[%clk 0:13:08]} 46. Rd5 {[%clk 0:14:09]} Ra6 {[%clk 0:09:53]} 47. Kd3
{[%clk 0:12:53]} Ra8 {[%clk 0:09:27]} 48. Kc3 {[%clk 0:11:29]} h5
{[%clk 0:06:54]} 49. b4 {[%clk 0:04:28]} axb4+ {[%clk 0:07:19]} 50. Kxb4
{[%clk 0:04:54]} b6 {[%clk 0:07:07]} 51. Rd2 {[%clk 0:02:23]} 1/2-1/2

[Event "arco2023"]
[Site "?"]
[Date "2023.10.08"]
[Round "2.20"]
[White "ZSCHIESING, Falk"]
[Black "ABRAHAMS, Daniel"]
[Result "0-1"]
[BlackElo "2110"]
[WhiteElo "1945"]
[LiveChessVersion "1.4.8"]

1. e4 {[%clk 1:30:43]} c5 {[%clk 1:30:52]} 2. Nf3 {[%clk 1:30:44]} e6
{[%clk 1:31:15]} 3. d4 {[%clk 1:30:36]} cxd4 {[%clk 1:31:38]} 4. Nxd4
{[%clk 1:30:50]} a6 {[%clk 1:32:00]} 5. c4 {[%clk 1:30:51]} Nf6 {[%clk 1:32:03]}
6. Nc3 {[%clk 1:30:46]} Qc7 {[%clk 1:32:25]} 7. Qd3 {[%clk 1:19:54]} Nc6
{[%clk 1:26:47]} 8. Nxc6 {[%clk 1:20:03]} dxc6 {[%clk 1:26:44]} 9. f4
{[%clk 1:15:37]} e5 {[%clk 1:26:14]} 10. f5 {[%clk 1:14:35]} b5 {[%clk 1:24:01]}
11. Be3 {[%clk 1:12:58]} Qa5 {[%clk 1:21:51]} 12. Be2 {[%clk 1:03:05]} b4
{[%clk 1:20:32]} 13. Nd1 {[%clk 1:03:32]} Bc5 {[%clk 1:20:35]} 14. O-O
{[%clk 0:59:58]} Bb7 {[%clk 1:20:37]} 15. Nf2 {[%clk 0:59:49]} Rd8
{[%clk 1:16:33]} 16. Qb3 {[%clk 1:00:18]} Qb6 {[%clk 1:16:46]} 17. Bxc5
{[%clk 1:00:26]} Qxc5 {[%clk 1:17:11]} 18. Bf3 {[%clk 0:59:00]} Rd4
{[%clk 1:16:05]} 19. Kh1 {[%clk 0:50:13]} Qxc4 {[%clk 1:15:16]} 20. Qxc4
{[%clk 0:49:22]} Rxc4 {[%clk 1:15:44]} 21. Rac1 {[%clk 0:49:51]} Rd4
{[%clk 1:09:41]} 22. Rfd1 {[%clk 0:50:20]} Rxd1+ {[%clk 1:09:36]} 23. Rxd1
{[%clk 0:50:49]} Ke7 {[%clk 1:08:40]} 24. g4 {[%clk 0:50:48]} c5 {[%clk 1:08:01]}
25. g5 {[%clk 0:50:29]} Nd7 {[%clk 1:08:19]} 26. Be2 {[%clk 0:48:59]} h6
{[%clk 1:07:17]} 27. Bc4 {[%clk 0:44:13]} Nb6 {[%clk 1:07:09]} 28. f6+
{[%clk 0:41:13]} gxf6 {[%clk 1:07:08]} 29. gxf6+ {[%clk 0:41:42]} Ke8
{[%clk 1:07:00]} 30. Bxa6 {[%clk 0:41:01]} Bxa6 {[%clk 1:06:06]} 31. Rd6
{[%clk 0:39:20]} Be2 {[%clk 1:06:24]} 32. Rxb6 {[%clk 0:39:42]} Kd7
{[%clk 1:06:45]} 33. Rb7+ {[%clk 0:36:57]} Kd6 {[%clk 1:05:09]} 34. Rxf7
{[%clk 0:31:43]} c4 {[%clk 1:02:34]} 35. Rb7 {[%clk 0:31:32]} c3 {[%clk 1:02:44]}
36. bxc3 {[%clk 0:31:42]} bxc3 {[%clk 1:03:06]} 37. Rb1 {[%clk 0:29:54]} Rg8
{[%clk 1:02:50]} 0-1

[Event "arco2023"]
[Site "?"]
[Date "2023.10.08"]
[Round "2.21"]
[White "WILLSCH, Matthias"]
[Black "BARTONICEK Sr., Zdenek"]
[Result "1-0"]
[BlackElo "1885"]
[WhiteElo "2110"]
[LiveChessVersion "1.4.8"]

1. d4 {[%clk 1:30:57]} Nf6 {[%clk 1:30:49]} 2. Nf3 {[%clk 1:31:16]} g6
{[%clk 1:30:45]} 3. g3 {[%clk 1:31:11]} Bg7 {[%clk 1:30:57]} 4. Bg2
{[%clk 1:31:35]} d6 {[%clk 1:29:47]} 5. O-O {[%clk 1:31:49]} O-O {[%clk 1:30:06]}
6. b3 {[%clk 1:31:52]} c5 {[%clk 1:28:10]} 7. Bb2 {[%clk 1:32:10]} Nc6
{[%clk 1:27:37]} 8. d5 {[%clk 1:32:10]} Nb4 {[%clk 1:25:58]} 9. c4
{[%clk 1:32:29]} e5 {[%clk 1:25:09]} 10. dxe6 {[%clk 1:27:35]} fxe6
{[%clk 1:25:07]} 11. Nc3 {[%clk 1:26:01]} Qe7 {[%clk 1:24:44]} 12. Qd2
{[%clk 1:22:40]} Rd8 {[%clk 1:20:55]} 13. e4 {[%clk 1:20:25]} Nc6
{[%clk 1:20:11]} 14. Rad1 {[%clk 1:17:53]} e5 {[%clk 1:20:04]} 15. Nd5
{[%clk 1:10:21]} Nxd5 {[%clk 1:16:12]} 16. exd5 {[%clk 1:04:10]} Nb8
{[%clk 1:12:25]} 17. h3 {[%clk 1:00:15]} Nd7 {[%clk 1:10:23]} 18. Rde1
{[%clk 0:58:32]} Rf8 {[%clk 1:07:20]} 19. Qe2 {[%clk 0:57:05]} Nf6
{[%clk 1:04:53]} 20. Bc1 {[%clk 0:56:07]} Nh5 {[%clk 0:59:40]} 21. Ng5
{[%clk 0:52:11]} Bd7 {[%clk 0:56:48]} 22. Kh2 {[%clk 0:51:38]} Rae8
{[%clk 0:55:10]} 23. Ne4 {[%clk 0:48:21]} Nf6 {[%clk 0:48:42]} 24. Bg5
{[%clk 0:47:41]} Bf5 {[%clk 0:47:47]} 25. Nc3 {[%clk 0:46:21]} Bd7
{[%clk 0:44:27]} 26. Qd2 {[%clk 0:38:51]} Qd8 {[%clk 0:36:08]} 27. g4
{[%clk 0:33:54]} Qc7 {[%clk 0:32:07]} 28. Ne4 {[%clk 0:30:12]} Nxe4
{[%clk 0:31:52]} 29. Bxe4 {[%clk 0:30:07]} b5 {[%clk 0:27:44]} 30. f3
{[%clk 0:29:27]} b4 {[%clk 0:27:58]} 31. h4 {[%clk 0:28:50]} Ra8 {[%clk 0:24:42]}
32. Kg3 {[%clk 0:28:09]} Be8 {[%clk 0:23:48]} 33. Rh1 {[%clk 0:26:19]} a5
{[%clk 0:23:49]} 34. Qd3 {[%clk 0:25:51]} Bf6 {[%clk 0:16:28]} 35. Bh6
{[%clk 0:23:51]} Bg7 {[%clk 0:16:37]} 36. Bd2 {[%clk 0:23:53]} Bf6
{[%clk 0:13:05]} 37. Reg1 {[%clk 0:22:48]} Kh8 {[%clk 0:13:05]} 38. g5
{[%clk 0:22:39]} Bd8 {[%clk 0:10:47]} 39. h5 {[%clk 0:22:13]} gxh5
{[%clk 0:10:40]} 40. g6 {[%clk 0:21:29]} h4+ {[%clk 0:07:45]} 41. Kf2
{[%clk 0:19:22]} Rg8 {[%clk 0:06:47]} 42. gxh7 {[%clk 0:16:40]} Rxg1
{[%clk 0:06:32]} 43. Rxg1 {[%clk 0:16:59]} Bf7 {[%clk 0:06:44]} 44. Bg6
{[%clk 0:15:01]} Bf6 {[%clk 0:05:03]} 45. Qf5 {[%clk 0:15:04]} Qe7
{[%clk 0:05:16]} 46. Bxf7 {[%clk 0:14:31]} Qxf7 {[%clk 0:05:37]} 47. Bg5
{[%clk 0:14:45]} 1-0

[Event "arco2023"]
[Site "?"]
[Date "2023.10.08"]
[Round "2.22"]
[White "BUGLISI, Massimo"]
[Black "BIRKENMAIER, Rainer"]
[Result "1/2-1/2"]
[BlackElo "2107"]
[WhiteElo "1941"]
[LiveChessVersion "1.4.8"]

1. e4 {[%clk 1:30:55]} e6 {[%clk 1:30:07]} 2. d3 {[%clk 1:31:06]} d5
{[%clk 1:30:05]} 3. Nd2 {[%clk 1:31:16]} Nf6 {[%clk 1:29:47]} 4. Ngf3
{[%clk 1:31:29]} c5 {[%clk 1:28:41]} 5. g3 {[%clk 1:31:48]} Nc6 {[%clk 1:28:48]}
6. Bg2 {[%clk 1:31:53]} Be7 {[%clk 1:28:25]} 7. O-O {[%clk 1:31:53]} O-O
{[%clk 1:28:04]} 8. Re1 {[%clk 1:31:55]} dxe4 {[%clk 1:26:06]} 9. dxe4
{[%clk 1:31:32]} e5 {[%clk 1:24:40]} 10. c3 {[%clk 1:28:55]} Be6 {[%clk 1:23:21]}
11. Qc2 {[%clk 1:27:57]} Qd7 {[%clk 1:17:10]} 12. Nf1 {[%clk 1:20:20]} Rfd8
{[%clk 1:15:54]} 13. Bg5 {[%clk 1:17:54]} Qd3 {[%clk 1:12:09]} 14. Qxd3
{[%clk 1:16:09]} Rxd3 {[%clk 1:12:31]} 15. Bxf6 {[%clk 1:16:27]} Bxf6
{[%clk 1:12:29]} 16. Ne3 {[%clk 1:15:38]} Rd7 {[%clk 1:09:13]} 17. Bf1
{[%clk 1:12:20]} a6 {[%clk 1:07:38]} 18. Bc4 {[%clk 1:04:15]} Bxc4
{[%clk 1:07:00]} 19. Nxc4 {[%clk 0:57:06]} Rad8 {[%clk 1:05:48]} 20. Kf1 1/2-1/2

[Event "arco2023"]
[Site "?"]
[Date "2023.10.08"]
[Round "2.23"]
[White "PRIVITERA, Franco"]
[Black "MAKROPOULOU, Marina"]
[Result "0-1"]
[BlackElo "2081"]
[WhiteElo "1931"]
[LiveChessVersion "1.4.8"]

1. d4 {[%clk 1:30:50]} Nf6 {[%clk 1:30:48]} 2. c4 {[%clk 1:31:06]} e6
{[%clk 1:30:06]} 3. Nc3 {[%clk 1:31:14]} Bb4 {[%clk 1:27:54]} 4. a3
{[%clk 1:31:29]} Bxc3+ {[%clk 1:27:57]} 5. bxc3 {[%clk 1:31:55]} b6
{[%clk 1:28:02]} 6. Nf3 {[%clk 1:29:17]} Nc6 {[%clk 1:26:25]} 7. Bg5
{[%clk 1:28:18]} h6 {[%clk 1:26:40]} 8. Bh4 {[%clk 1:27:20]} d6 {[%clk 1:21:26]}
9. e3 {[%clk 1:24:37]} Na5 {[%clk 1:19:26]} 10. Bd3 {[%clk 1:20:04]} Ba6
{[%clk 1:15:05]} 11. O-O {[%clk 1:12:00]} Qd7 {[%clk 1:15:18]} 12. Qe2
{[%clk 1:06:10]} Rc8 {[%clk 1:00:10]} 13. e4 {[%clk 0:58:57]} Nh5
{[%clk 0:56:58]} 14. Bg3 {[%clk 0:57:33]} Nxg3 {[%clk 0:55:59]} 15. hxg3
{[%clk 0:57:34]} c5 {[%clk 0:49:52]} 16. dxc5 {[%clk 0:48:06]} Rxc5
{[%clk 0:49:04]} 17. e5 {[%clk 0:45:50]} Bxc4 {[%clk 0:46:39]} 18. exd6
{[%clk 0:44:31]} Qxd6 {[%clk 0:43:37]} 19. Rfd1 {[%clk 0:42:21]} Qc7
{[%clk 0:43:14]} 20. Nd4 {[%clk 0:32:39]} O-O {[%clk 0:42:23]} 21. Qe4
{[%clk 0:28:49]} Bxd3 {[%clk 0:42:42]} 22. Rxd3 {[%clk 0:29:14]} Qe5
{[%clk 0:36:47]} 23. Qh4 {[%clk 0:27:16]} Rfc8 {[%clk 0:33:22]} 24. Rad1
{[%clk 0:20:22]} Qh5 {[%clk 0:30:54]} 25. Qe7 {[%clk 0:14:50]} Rxc3
{[%clk 0:29:06]} 26. Rf3 {[%clk 0:14:12]} R3c7 {[%clk 0:28:36]} 27. Qb4
{[%clk 0:13:40]} Qc5 {[%clk 0:27:34]} 28. Qe1 {[%clk 0:13:53]} Nc4
{[%clk 0:26:27]} 29. Rc3 {[%clk 0:09:25]} Qe5 {[%clk 0:26:00]} 30. Qf1
{[%clk 0:09:13]} b5 {[%clk 0:22:01]} 31. Ne2 {[%clk 0:06:53]} Nb6
{[%clk 0:19:17]} 32. Re3 {[%clk 0:06:58]} Qc5 {[%clk 0:15:40]} 33. Nf4
{[%clk 0:05:16]} a6 {[%clk 0:15:24]} 34. Red3 {[%clk 0:03:02]} Nc4
{[%clk 0:09:35]} 35. Rd8+ {[%clk 0:02:30]} Rxd8 {[%clk 0:08:55]} 36. Rxd8+
{[%clk 0:02:57]} Kh7 {[%clk 0:09:21]} 37. Qd3+ {[%clk 0:02:33]} Qf5
{[%clk 0:09:31]} 38. Qf3 {[%clk 0:00:42]} Ne5 {[%clk 0:06:08]} 0-1

[Event "arco2023"]
[Site "?"]
[Date "2023.10.08"]
[Round "2.24"]
[White "ENGELHART, Achim"]
[Black "BOSSI, Alessandro"]
[Result "1/2-1/2"]
[BlackElo "1873"]
[WhiteElo "2081"]
[LiveChessVersion "1.4.8"]

1. e4 {[%clk 1:30:58]} c5 {[%clk 1:30:56]} 2. c3 {[%clk 1:31:21]} d5
{[%clk 1:31:17]} 3. exd5 {[%clk 1:31:45]} Nf6 {[%clk 1:31:43]} 4. Bb5+
{[%clk 1:19:39]} Nbd7 5. d4 cxd4 {[%clk 1:31:35]} 6. Qxd4 {[%clk 1:19:15]} g6
{[%clk 1:30:19]} 7. Nf3 {[%clk 1:17:44]} Bg7 {[%clk 1:30:29]} 8. O-O
{[%clk 1:17:52]} O-O {[%clk 1:30:41]} 9. Bxd7 {[%clk 1:09:37]} Bxd7
{[%clk 1:20:42]} 10. Bg5 {[%clk 0:58:06]} Bf5 {[%clk 1:15:26]} 11. Rd1
{[%clk 0:49:23]} Ne4 {[%clk 1:11:40]} 12. Qe3 {[%clk 0:46:41]} Nxg5
{[%clk 1:10:36]} 13. Qxg5 {[%clk 0:43:38]} e6 {[%clk 1:09:19]} 14. Qd2
{[%clk 0:40:54]} exd5 {[%clk 1:02:24]} 15. Qxd5 {[%clk 0:39:17]} Qxd5
{[%clk 0:51:59]} 16. Rxd5 {[%clk 0:39:45]} Rad8 {[%clk 0:52:18]} 17. Rxd8
{[%clk 0:39:42]} Rxd8 {[%clk 0:52:46]} 18. Nbd2 {[%clk 0:38:42]} b5
{[%clk 0:51:12]} 19. a3 {[%clk 0:35:01]} Be6 {[%clk 0:45:53]} 1/2-1/2

[Event "arco2023"]
[Site "?"]
[Date "2023.10.08"]
[Round "2.25"]
[White "CARDARELLI, Angelo"]
[Black "ERNE, Raphael"]
[Result "0-1"]
[BlackElo "2081"]
[WhiteElo "1929"]
[LiveChessVersion "1.4.8"]

1. d4 {[%clk 1:30:52]} d5 {[%clk 1:30:51]} 2. c4 {[%clk 1:31:11]} c6
{[%clk 1:31:11]} 3. Qc2 {[%clk 1:31:04]} Nf6 {[%clk 1:30:43]} 4. Nf3
{[%clk 1:31:23]} dxc4 {[%clk 1:30:44]} 5. Qxc4 {[%clk 1:31:42]} Bf5
{[%clk 1:30:46]} 6. g3 {[%clk 1:31:37]} e6 {[%clk 1:30:54]} 7. Bg2
{[%clk 1:31:53]} Nbd7 {[%clk 1:31:04]} 8. O-O {[%clk 1:31:31]} Be7
{[%clk 1:31:08]} 9. e3 {[%clk 1:31:17]} O-O {[%clk 1:31:09]} 10. Rd1
{[%clk 1:30:35]} Rc8 {[%clk 1:31:07]} 11. Nc3 {[%clk 1:27:53]} b5
{[%clk 1:31:27]} 12. Qe2 {[%clk 1:26:55]} b4 {[%clk 1:31:51]} 13. Na4
{[%clk 1:17:11]} Qa5 {[%clk 1:32:14]} 14. b3 {[%clk 1:14:38]} Qb5
{[%clk 1:32:38]} 15. Qc4 {[%clk 0:55:09]} Qxc4 {[%clk 1:31:59]} 16. bxc4
{[%clk 0:55:37]} Bc2 {[%clk 1:32:20]} 17. Nb2 {[%clk 0:55:26]} Bxd1
{[%clk 1:32:16]} 18. Nxd1 {[%clk 0:55:55]} c5 {[%clk 1:29:13]} 19. Nd2
{[%clk 0:52:46]} Nb6 {[%clk 1:23:47]} 20. dxc5 {[%clk 0:45:09]} Rxc5
{[%clk 1:19:19]} 21. a3 {[%clk 0:42:07]} bxa3 {[%clk 1:10:24]} 22. Bf1
{[%clk 0:25:44]} Rd8 {[%clk 0:54:07]} 23. Nc3 {[%clk 0:23:06]} Rcc8
{[%clk 0:51:48]} 24. Nb5 {[%clk 0:22:11]} Bb4 {[%clk 0:46:23]} 25. Nb3
{[%clk 0:19:41]} a5 {[%clk 0:39:01]} 26. Nxa3 {[%clk 0:12:50]} Rd1
{[%clk 0:34:50]} 27. Nc2 {[%clk 0:07:48]} Bc3 {[%clk 0:26:11]} 28. Rb1
{[%clk 0:08:13]} Nxc4 {[%clk 0:25:41]} 29. Kg2 {[%clk 0:06:17]} a4
{[%clk 0:21:33]} 30. Bxc4 {[%clk 0:02:38]} axb3 {[%clk 0:21:20]} 31. Rxb3
{[%clk 0:02:19]} Rxc1 {[%clk 0:21:36]} 32. Rxc3 {[%clk 0:02:32]} Ne4
{[%clk 0:20:06]} 0-1

[Event "arco2023"]
[Site "?"]
[Date "2023.10.08"]
[Round "2.26"]
[White "MEYER, Thorsten"]
[Black "BORDIGNON, Angelo"]
[Result "1-0"]
[BlackElo "2061"]
[WhiteElo "1927"]
[LiveChessVersion "1.4.8"]

1. e4 {[%clk 1:30:51]} c5 {[%clk 1:30:56]} 2. Nf3 {[%clk 1:31:16]} Nc6
{[%clk 1:31:22]} 3. d4 {[%clk 1:31:32]} cxd4 {[%clk 1:31:48]} 4. Nxd4
{[%clk 1:31:56]} e5 {[%clk 1:32:13]} 5. Nb5 {[%clk 1:30:18]} d6 {[%clk 1:32:34]}
6. N1c3 {[%clk 1:30:03]} a6 {[%clk 1:32:57]} 7. Na3 {[%clk 1:30:19]} Be7
{[%clk 1:33:12]} 8. Nd5 {[%clk 1:25:15]} Nf6 {[%clk 1:33:31]} 9. Nxe7
{[%clk 1:24:50]} Nxe7 {[%clk 1:33:35]} 10. Bd3 {[%clk 1:24:09]} d5
{[%clk 1:33:28]} 11. exd5 {[%clk 1:23:31]} Nexd5 {[%clk 1:31:53]} 12. O-O
{[%clk 1:20:42]} O-O {[%clk 1:32:10]} 13. Re1 {[%clk 1:16:18]} Re8
{[%clk 1:26:10]} 14. c3 {[%clk 1:09:16]} h6 {[%clk 1:22:28]} 15. Nc4
{[%clk 1:04:49]} Qc7 {[%clk 1:22:01]} 16. Qc2 {[%clk 0:58:30]} e4
{[%clk 1:16:33]} 17. Be2 {[%clk 0:56:01]} b5 {[%clk 1:15:48]} 18. Ne3
{[%clk 0:55:31]} Nf4 {[%clk 1:15:38]} 19. c4 {[%clk 0:51:03]} Nxe2+
{[%clk 1:07:06]} 20. Qxe2 {[%clk 0:50:59]} bxc4 {[%clk 1:02:59]} 21. Qxc4
{[%clk 0:49:53]} Qe5 {[%clk 1:02:10]} 22. Qc2 {[%clk 0:37:44]} Ng4
{[%clk 0:57:11]} 23. Nxg4 {[%clk 0:31:05]} Bxg4 {[%clk 0:57:39]} 24. Bd2
{[%clk 0:31:03]} Rac8 {[%clk 0:54:49]} 25. Bc3 {[%clk 0:31:17]} Qg5
{[%clk 0:54:12]} 26. Qc1 {[%clk 0:27:58]} Qg6 {[%clk 0:54:16]} 27. Kh1
{[%clk 0:21:52]} Qf5 {[%clk 0:51:38]} 28. Qe3 {[%clk 0:18:38]} Re6
{[%clk 0:48:13]} 29. h3 {[%clk 0:14:32]} Qh5 {[%clk 0:39:49]} 30. Kh2
{[%clk 0:11:59]} Bf5 {[%clk 0:33:23]} 31. Rad1 {[%clk 0:10:27]} Bg6
{[%clk 0:24:34]} 32. Rd7 {[%clk 0:09:37]} Rce8 {[%clk 0:23:27]} 33. Red1
{[%clk 0:09:55]} R6e7 {[%clk 0:23:07]} 34. R7d5 {[%clk 0:09:29]} f5
{[%clk 0:22:09]} 35. g4 {[%clk 0:07:44]} Qh4 {[%clk 0:19:37]} 36. gxf5
{[%clk 0:07:16]} Rf7 {[%clk 0:19:45]} 37. Rg1 {[%clk 0:06:38]} Bh5
{[%clk 0:19:23]} 38. f6 {[%clk 0:06:26]} g5 {[%clk 0:18:53]} 39. Qg3
{[%clk 0:03:24]} Qxg3+ {[%clk 0:18:53]} 40. Rxg3 {[%clk 0:03:47]} Bf3
{[%clk 0:19:05]} 41. Rg1 {[%clk 0:03:34]} Kh7 {[%clk 0:19:03]} 42. Kg3
{[%clk 0:03:53]} Kg6 {[%clk 0:19:05]} 43. h4 {[%clk 0:03:32]} Ra8
{[%clk 0:17:32]} 44. a4 {[%clk 0:03:27]} Raa7 {[%clk 0:16:43]} 45. a5
{[%clk 0:02:37]} Rad7 {[%clk 0:16:57]} 46. Rxd7 {[%clk 0:02:07]} Rxd7
{[%clk 0:17:21]} 47. Re1 {[%clk 0:01:55]} Rd5 {[%clk 0:15:14]} 48. hxg5
{[%clk 0:00:41]} Rxg5+ {[%clk 0:15:19]} 49. Kf4 {[%clk 0:01:00]} Rf5+
{[%clk 0:15:04]} 50. Ke3 {[%clk 0:01:13]} Rd5 {[%clk 0:14:54]} 51. Rg1+
{[%clk 0:01:10]} Kf5 {[%clk 0:15:14]} 52. Bd4 {[%clk 0:30:19]} Ke6
{[%clk 0:44:57]} 53. Rg7 {[%clk 0:29:20]} Rxa5 {[%clk 0:44:53]} 54. Re7+
{[%clk 0:28:24]} 1-0

[Event "arco2023"]
[Site "?"]
[Date "2023.10.08"]
[Round "2.27"]
[White "PELEMAN, Tony"]
[Black "STANESCU, Christian"]
[Result "0-1"]
[BlackElo "2056"]
[WhiteElo "1922"]
[LiveChessVersion "1.4.8"]

1. e4 {[%clk 1:30:54]} c5 {[%clk 1:30:43]} 2. Nf3 {[%clk 1:31:15]} g6
{[%clk 1:31:05]} 3. d4 {[%clk 1:31:22]} cxd4 {[%clk 1:31:29]} 4. Nxd4
{[%clk 1:31:46]} Bg7 {[%clk 1:31:53]} 5. Nc3 {[%clk 1:31:15]} Nc6
{[%clk 1:32:00]} 6. Be3 {[%clk 1:30:39]} Nf6 {[%clk 1:32:14]} 7. Be2
{[%clk 1:29:47]} O-O {[%clk 1:32:25]} 8. O-O {[%clk 1:28:48]} d5 {[%clk 1:32:42]}
9. exd5 {[%clk 1:28:57]} Nxd5 {[%clk 1:33:06]} 10. Nxd5 {[%clk 1:29:02]} Qxd5
{[%clk 1:32:40]} 11. Bf3 {[%clk 1:27:21]} Qc4 {[%clk 1:28:56]} 12. Nxc6
{[%clk 1:24:36]} bxc6 {[%clk 1:29:18]} 13. c3 {[%clk 1:23:31]} Be6
{[%clk 1:15:57]} 14. Qc2 {[%clk 1:18:20]} Rfd8 {[%clk 1:10:05]} 15. Be2
{[%clk 1:12:20]} Qd5 {[%clk 1:07:45]} 16. Rfd1 {[%clk 1:08:31]} Qa5
{[%clk 1:05:46]} 17. b3 {[%clk 1:03:39]} Bxc3 {[%clk 1:00:13]} 18. Rac1
{[%clk 1:00:01]} Bf6 {[%clk 0:55:54]} 19. h3 {[%clk 0:53:22]} Bd5
{[%clk 0:44:08]} 20. Bc5 {[%clk 0:49:56]} e6 {[%clk 0:42:20]} 21. a4
{[%clk 0:49:47]} Rd7 {[%clk 0:41:36]} 22. b4 {[%clk 0:47:26]} Qd8
{[%clk 0:41:54]} 23. Rb1 {[%clk 0:44:48]} Bg7 {[%clk 0:39:42]} 24. Qd2
{[%clk 0:43:54]} Qf6 {[%clk 0:37:29]} 25. Qe3 {[%clk 0:42:17]} Qe5
{[%clk 0:34:07]} 26. b5 {[%clk 0:40:54]} cxb5 {[%clk 0:29:25]} 27. Bxb5
{[%clk 0:38:59]} Rc7 {[%clk 0:29:31]} 28. Rdc1 {[%clk 0:35:41]} Ba2
{[%clk 0:23:05]} 29. Ra1 {[%clk 0:33:40]} Rxc5 {[%clk 0:18:14]} 0-1

[Event "arco2023"]
[Site "?"]
[Date "2023.10.08"]
[Round "2.28"]
[White "NEUHOFF, Laertes"]
[Black "FAUTH, Dietmar"]
[Result "0-1"]
[BlackElo "2048"]
[WhiteElo "1902"]
[LiveChessVersion "1.4.8"]

1. e4 {[%clk 1:30:59]} c5 {[%clk 1:30:52]} 2. Nf3 {[%clk 1:31:25]} Nc6
{[%clk 1:31:18]} 3. d4 {[%clk 1:31:48]} cxd4 {[%clk 1:31:44]} 4. Nxd4
{[%clk 1:32:16]} e5 {[%clk 1:31:36]} 5. Nb5 {[%clk 1:32:45]} d6 {[%clk 1:31:46]}
6. N1c3 {[%clk 1:33:07]} a6 {[%clk 1:31:57]} 7. Na3 {[%clk 1:33:35]} Be7
{[%clk 1:31:38]} 8. Nc4 {[%clk 1:33:48]} b5 {[%clk 1:29:01]} 9. Ne3
{[%clk 1:33:53]} Nf6 {[%clk 1:28:24]} 10. Bd3 {[%clk 1:34:05]} O-O
{[%clk 1:28:32]} 11. O-O {[%clk 1:33:54]} Nb4 {[%clk 1:27:44]} 12. Be2
{[%clk 1:30:29]} Be6 {[%clk 1:27:22]} 13. Ncd5 {[%clk 1:07:13]} Nbxd5
{[%clk 1:25:24]} 14. exd5 {[%clk 1:07:25]} Bd7 {[%clk 1:24:58]} 15. c4
{[%clk 1:02:58]} Qb6 {[%clk 1:14:06]} 16. cxb5 {[%clk 1:00:56]} axb5
{[%clk 1:09:37]} 17. Qb3 {[%clk 1:00:02]} Qa5 {[%clk 1:01:38]} 18. Qd3
{[%clk 0:54:18]} g6 {[%clk 0:50:41]} 19. Bd2 {[%clk 0:54:02]} Qa4
{[%clk 0:47:08]} 20. b3 {[%clk 0:52:46]} Qe4 {[%clk 0:43:16]} 21. Rfc1
{[%clk 0:50:35]} Ra7 {[%clk 0:38:35]} 22. a3 {[%clk 0:35:53]} Rfa8
{[%clk 0:33:00]} 23. Bb4 {[%clk 0:35:11]} Qxd3 {[%clk 0:33:14]} 24. Bxd3
{[%clk 0:35:29]} Ne8 {[%clk 0:33:28]} 25. Re1 {[%clk 0:33:00]} f5
{[%clk 0:31:08]} 26. Nd1 {[%clk 0:31:52]} Bf6 {[%clk 0:29:28]} 27. Bf1
{[%clk 0:31:40]} Rc8 {[%clk 0:25:51]} 28. Ra2 {[%clk 0:22:29]} e4
{[%clk 0:20:51]} 29. Ne3 {[%clk 0:21:49]} Be5 {[%clk 0:19:34]} 30. Rc2
{[%clk 0:19:01]} Rac7 {[%clk 0:17:19]} 31. Rxc7 {[%clk 0:17:43]} Rxc7
{[%clk 0:17:33]} 32. g3 {[%clk 0:17:59]} Kf7 {[%clk 0:14:25]} 33. h4
{[%clk 0:17:11]} Bc3 {[%clk 0:11:03]} 34. Bxc3 {[%clk 0:09:46]} Rxc3
{[%clk 0:11:30]} 35. Rb1 {[%clk 0:09:10]} Nc7 {[%clk 0:08:08]} 36. a4
{[%clk 0:06:49]} Kf6 {[%clk 0:03:01]} 37. a5 {[%clk 0:05:30]} Ke5
{[%clk 0:03:05]} 38. b4 {[%clk 0:01:18]} Na6 {[%clk 0:02:16]} 39. Be2
{[%clk 0:01:07]} h6 {[%clk 0:02:25]} 40. Kf1 {[%clk 0:01:01]} g5 {[%clk 0:02:24]}
41. hxg5 {[%clk 0:01:30]} hxg5 {[%clk 0:02:42]} 42. Ke1 {[%clk 0:01:52]} f4
{[%clk 0:17:37]} 43. gxf4+ {[%clk 0:31:44]} gxf4 {[%clk 0:18:05]} 44. Kd2
{[%clk 0:31:20]} Rc7 {[%clk 0:12:40]} 45. Nd1 {[%clk 0:30:02]} Rb7
{[%clk 0:08:11]} 46. Nc3 {[%clk 0:29:43]} Kd4 {[%clk 0:07:34]} 47. Rb3
{[%clk 0:26:23]} Nc7 {[%clk 0:07:24]} 48. Ra3 {[%clk 0:24:57]} Na6
{[%clk 0:05:09]} 49. Rb3 {[%clk 0:25:14]} Rb8 {[%clk 0:05:26]} 50. Rb1
{[%clk 0:24:57]} e3+ {[%clk 0:03:08]} 51. fxe3+ {[%clk 0:24:51]} fxe3+
{[%clk 0:03:37]} 52. Kc2 {[%clk 0:24:53]} Bf5+ {[%clk 0:04:00]} 53. Kb3
{[%clk 0:24:58]} Bxb1 {[%clk 0:04:24]} 54. Nxb1 {[%clk 0:25:18]} Nc7
{[%clk 0:02:26]} 55. Nc3 {[%clk 0:25:47]} Ke5 {[%clk 0:02:30]} 56. Kc2
{[%clk 0:25:20]} Nxd5 {[%clk 0:02:30]} 57. Nxd5 {[%clk 0:23:56]} Kxd5
{[%clk 0:02:47]} 58. a6 {[%clk 0:23:41]} Kc6 {[%clk 0:02:56]} 59. a7
{[%clk 0:24:07]} Ra8 {[%clk 0:03:24]} 60. Bf3+ {[%clk 0:24:21]} d5
{[%clk 0:03:54]} 0-1